O meu pai (Registo nº 3872)

Detalhes MARC
000 -Etiqueta do registo
Cabeçalho 00684nam0a2200229 i 4500
005 - Identificador da versão
Campo de controlo 20240813122046.0
010 ## - Número internacional normalizado dos livros (ISBN)
Número (ISBN) 9727421032
021 ## - Número do Depósito Legal
Código do país PT
Número 126688/98
100 ## - Dados gerais de processamento
Dados gerais de processamento 20181030d1998 c a0pory5003 ba
102 ## - Pais de publicação ou produção
País de publicação Portugal
101 0# - Língua de publicação
Língua do texto, banda sonora, etc. Português
215 ## - Descrição física 
Indicação específica da natureza do documento e extensão da espécie 31, [1] p.
Outras indicações físicas il. color
200 1# - Titulo e menção de responsabilidade
Título próprio O meu pai
Primeira menção de responsabilidade Manuela Bacelar
210 ## - Publicação, Distribuição, etc. 
Lugar da edição, distribuição, etc. Lisboa
Nome do editor, distribuidor, etc. Min. da Ed. Dep. da Educ. Básica. Gab. para a Expansão e Desenv. da Educ. Pré-Escolar
Data da publicação, distribuição, etc. 1998
606 ## - Nome comum usado como assunto
Número de registo de entrada de autoridade 0001335
Palavra de ordem Literatura portuguesa
Subdivisão de assunto Conto
Código do sistema CA
675 ## - Classificação Decimal Universal (CDU)
Notação 821.134.3-34
Edição 3ª ed.
Língua da edição por
700 #1 - Nome de autor-pessoa física (responsabilidade principal)
Número de registo de entrada de autoridade 0000045
Palavra de ordem Bacelar
Outra parte do nome não tomada para palavra de ordem Manuela
Datas 1943-
966 ## - Identificação da Biblioteca
Sigla EBVEN
942 ## - Elementos de entrada adicionados (Koha)
Tipo de item no Koha Livro
Exemplares
Situação do levantamento Origin of item (home branch) (coded) Biblioteca de empréstimo Código de barras Cota Circulation type (not for loan) Tipo de documento Nota do exemplar Damaged status
  Biblioteca Escolar das Vendas Biblioteca Escolar das Vendas BEV224 8POR BAC   Livro Sem mensagem  
  Biblioteca Escolar das Vendas Biblioteca Escolar das Vendas BEV225 8POR BAC   Livro Sem mensagem